Akad wadiah dalam Sistem Perbankan Islam (SPI) di Malaysia : satu analisis hukum /
محفوظ في:
| المؤلف الرئيسي: | |
|---|---|
| التنسيق: | أطروحة كتاب |
| اللغة: | Malay |
| منشور في: |
2005.
|
| الموضوعات: | |
| الوسوم: |
إضافة وسم
لا توجد وسوم, كن أول من يضع وسما على هذه التسجيلة!
|
| LEADER | 01612cam a2200361 a 4500 | ||
|---|---|---|---|
| 001 | u716455 | ||
| 003 | SIRSI | ||
| 008 | 060112s2005 my t 000 0 may m | ||
| 040 | |a UMM |d UMA |e rda | ||
| 043 | |a a-my--- | ||
| 090 | |a BP42 |b A1 UM 2005 Yusmy | ||
| 094 | |a BP42 |b A1 UM 2005 Yusmy | ||
| 100 | 0 | 0 | |a Yusaini Mohd Yusoff |e author. |
| 245 | 1 | 0 | |a Akad wadiah dalam Sistem Perbankan Islam (SPI) di Malaysia : |b satu analisis hukum / |c Yusaini binti Mohd Yusoff. |
| 260 | |c 2005. | ||
| 264 | 1 | |c 2005. | |
| 264 | 4 | |c 2005. | |
| 300 | |a x, [136] leaves ; |c 30 cm. | ||
| 336 | |a text |2 rdacontent | ||
| 337 | |a unmediated |2 rdamedia | ||
| 338 | |a volume |2 rdacarrier | ||
| 500 | |a Diselia oleh Prof. Madya Dr. Shamsiah Mohamad. | ||
| 500 | |a AIUM. | ||
| 502 | |a Dissertation (M.Syariah) -- Jabatan Fiqh dan Usul, Akademi Pengajian Islam, Universiti Malaya, 2006. | ||
| 504 | |a Bibliography: leaves [130-136]. | ||
| 650 | 0 | |a Banks and banking |x Religious aspects |x Islam | |
| 650 | 0 | |a Finance (Islamic law) |z Malaysia | |
| 710 | 2 | 0 | |a Universiti Malaya. |b Jabatan Fiqh dan Usul |
| 596 | |a 1 12 18 | ||
| 999 | |a BP42 A1 UM 2005 YUSMY |w LC |c 1 |i A511627288 |d 28/11/2019 |e 28/11/2019 |f 25/1/2006 |g 1 |l STACKS |m P12ISLAMKL |n 18 |r Y |s Y |t TESIS |u 25/1/2006 | ||
| 999 | |a BP42 A1 UM 2005 YUSMY |w LC |c 1 |i A510942555 |d 5/10/2006 |f 5/10/2006 |g 1 |l RESERVES |m P18ISLPURI |r Y |s Y |t TESIS |u 31/7/2006 | ||
| 999 | |a BP42 A1 UM 2005 YUSMY |w LC |c 1 |i A512503276 |d 4/2/2020 |e 4/2/2020 |f 22/8/2006 |g 1 |l STACKS |m P01UTAMA |n 11 |r Y |s Y |t TESIS |u 22/8/2006 | ||
| 999 | |a BP42 A1 UM 2005 YUSMY |w LC |c 1 |i A512977943 |d 29/5/2007 |f 29/5/2007 |g 1 |l RESERVES |m P18ISLPURI |r Y |s Y |t TESIS |u 28/5/2007 | ||
